LEADER 00794nam0-22002651i-450- 001 990007275560403321 005 20111107105947.0 035 $a000727556 035 $aFED01000727556 035 $a(Aleph)000727556FED01 035 $a000727556 100 $a20021021d--------km-y0itay50------ba 101 0 $aita 200 1 $a<>aziende di credito italiane aspetti strutturali e lineamenti di gestione$fCesarini 210 $aBologna$cIl Mulino$d1982 700 1$aCesarini,$bF.$0339632 801 0$aIT$bUNINA$gRICA$2UNIMARC 901 $aBK 912 $a990007275560403321 951 $aXV M1 90$dXV M1 90 952 $aDPR 23-313-a$b1757$fDEC 959 $aDEC 959 $aDTE 996 $aAziende di credito italiane aspetti strutturali e lineamenti di gestione$9686408 997 $aUNINA